000 00460nam a2200181Ia 4500
005 20250923144300.0
008 008 250917s9999 xx 000 0 eng d
037 _aTextual
040 _aDSWL
_beng
_cDSWL
041 _aeng
_2eng
084 _qDSWL
100 _aHutton, J. H.
_9823203
245 0 _aSema Nagas
_cby J.H. Hutton
260 _aLondon
_bMcmillan
_c1921
300 _a464 p.
942 _cTEXL
999 _c1436978
_d1436978